书目信息 |
| 题名: |
赵孟頫书法集
|
|
| 作者: | 赵孟頫, 书 | |
| 分册: | ||
| 出版信息: | 汕头 汕头大学出版社 2015 |
|
| 页数: | 432页 | |
| 开本: | 29cm | |
| 丛书名: | 中国书画大系 | |
| 单 册: | ||
| 中图分类: | J292.25 | |
| 科图分类: | ||
| 主题词: | 法书--fa shu--中国--元代--作品集 | |
| 电子资源: | ||
| ISBN: | 978-7-5658-1986-5 | |
| 000 | 01008nam 2200277 450 | |
| 001 | 1764988323 | |
| 005 | 20161207151528.0 | |
| 010 | @a978-7-5658-1986-5@dCNY59.00 | |
| 100 | @a20151130d2015 em y0chiy50 ea | |
| 101 | 0 | @achi |
| 102 | @aCN@b340000 | |
| 105 | @ay z 000yy | |
| 106 | @ar | |
| 200 | 1 | @a赵孟頫书法集@Azhao meng fu shu fa ji@f(宋) 赵孟頫书 |
| 210 | @a汕头@c汕头大学出版社@d2015 | |
| 215 | @a432页@d29cm | |
| 225 | 2 | @a中国书画大系@Azhong guo shu hua da xi |
| 300 | @a图文珍藏版 | |
| 330 | @a本书精选赵孟頫《秋兴赋》《行书千字文》《真草千字文》《临兰亭序》《胆巴碑》《仇锷墓志铭》等经典作品,体现了赵孟頫外貌圆润而筋骨内涵,点画华滋遒劲,结体宽绰秀美,点画之间彼引呼应十分紧密。外似柔润而内实坚强,形体端秀而骨架劲挺的书法风格。 | |
| 410 | 0 | @12001^@a中国书画大系 |
| 606 | 0 | @a法书@Afa shu@y中国@z元代@j作品集 |
| 690 | @aJ292.25@v5 | |
| 701 | 0 | @a赵孟頫,@Azhao meng fu@f1254-1322@4书 |
| 801 | 0 | @aCN@b人天书店@c20151130 |
| 801 | 0 | @aCN@bFDU@c20160415 |
| 905 | @aBZT@dJ292.25@e2 | |
| 赵孟頫书法集/(宋) 赵孟頫书.-汕头:汕头大学出版社,2015 |
| 432页;29cm.-(中国书画大系) |
| 图文珍藏版 |
| ISBN 978-7-5658-1986-5:CNY59.00 |
| 本书精选赵孟頫《秋兴赋》《行书千字文》《真草千字文》《临兰亭序》《胆巴碑》《仇锷墓志铭》等经典作品,体现了赵孟頫外貌圆润而筋骨内涵,点画华滋遒劲,结体宽绰秀美,点画之间彼引呼应十分紧密。外似柔润而内实坚强,形体端秀而骨架劲挺的书法风格。 |
| ● |
| 相关链接 |
|
|
|
正题名:赵孟頫书法集
索取号:J292.25/2
 
预约/预借
| 序号 | 登录号 | 条形码 | 馆藏地/架位号 | 状态 | 备注 |
| 1 | 827177 | 2000827177 | 第二书库/ [索取号:J292.25/2] | 在馆 | |
| 2 | 827178 | 2000827178 | 第二书库/ [索取号:J292.25/2] | 在馆 | |
| 3 | 827179 | 2000827179 | 第二书库/ [索取号:J292.25/2] | 在馆 |